000 00293nam a2200121Ia 4500
008 190216s9999||||xx |||||||||||||| ||und||
100 _aKettle. S.F.A
245 0 _aCoordination Compounds
260 _bEnglish Language Book Society
_c1969
300 _a220p
650 _aChemistry
942 _cBK
999 _c2218
_d2218